| 000 | 00573pab a2200193 454500 | ||
|---|---|---|---|
| 008 | 180718b2004 xxu||||| |||| 00| 0 eng d | ||
| 100 | _aNemee, Juraj | ||
| 245 | _aPrivatisation and liberalisation in the utility sector;: the case of telecommunications in the Czech and Slovak republics | ||
| 260 | _c2004 | ||
| 300 | _ap.345-56. | ||
| 362 | _aOct | ||
| 650 | _aLiberalization | ||
| 650 | _aPrivatization | ||
| 650 | _aTelecommunications | ||
| 700 | _aVitek, Leos | ||
| 700 | _aSagat, Vladimir | ||
| 773 | _aPublic Administration and Development | ||
| 909 | _a62922 | ||
| 999 |
_c62922 _d62922 |
||